| 000 | 00713nam a22002057a 4500 | ||
|---|---|---|---|
| 999 |
_c17634 _d17634 |
||
| 003 | AR-CdUCM | ||
| 008 | 190509b ||||| |||| 00| 0 spa d | ||
| 040 |
_aMUNICIPALIDAD PROVINCIAL DEL CUSCO _cBIBLIOTECA MUNICIPAL DEL CUSCO |
||
| 082 |
_a909 / _bC12 |
||
| 100 |
_aCabanés. _937769 |
||
| 245 |
_aLas mujeres misteriosas de la historia : _bReyes, reinas y príncipes franceses de Carlo Magno a Luis XIII / |
||
| 260 |
_aMadrid : _bMercurio, _c. |
||
| 300 |
_a402 páginas ; _c20 cm. |
||
| 505 | _aContenido : Reinas, reyes y príncipes franceses ... | ||
| 650 |
_aRevolución francesa. _91606 |
||
| 650 |
_aSiglo XX. _98 |
||
| 700 |
_aDugi, Emilio. _937770 |
||
| 942 |
_2ddc _cLIBROS |
||
| 945 |
_arum _d2019-05-09 |
||